[Event "Sydney International Open"]
[Site "Parramatta, NSW"]
[Date "2010.04.09"]
[Round "5.11"]
[White "Barua, Dibyendu"]
[Black "Lane, Gary"]
[Result "1-0"]
[WhiteElo "2479"]
[BlackElo "2380"]
[Annotator "Lane,G"]
[PlyCount "135"]
[EventDate "2010.04.07"]
[EventType "swiss"]
[EventRounds "9"]
[EventCountry "AUS"]
[SourceDate "2010.04.07"]

1. e4 e5 2. Bc4 Nf6 3. d3 c6 4. Bb3 d5 5. Nf3 Bd6 6. Qe2 O-O 7. O-O Nbd7 8. c3
Re8 9. Rd1 Qe7 10. Nbd2 a5 11. a4 Nc5 12. Bc2 Ne6 13. Nf1 Nh5 14. g3 Nf6 15. h3
h6 16. Ne3 g6 17. Kg2 Kg7 18. Ng4 Nxg4 19. hxg4 Ng5 20. Nh4 Bd7 21. Rh1 dxe4
22. dxe4 c5 {Black offered a draw.} 23. Be3 Bc6 24. f3 Bc7 25. Rh2 b6 26. Rah1
Rh8 27. Kf2 Rad8 28. Ng2 f6 29. Bc1 Qe8 30. Qc4 Bd6 31. Ne3 b5 32. axb5 Bxb5
33. Qa2 Qc6 34. c4 Ba6 35. Nd5 (35. Qxa5 {was possible.}) 35... Bc7 36. Be3 Bb7
37. Ba4 Qd6 38. Rd1 Bxd5 39. Rxd5 Qe6 40. Bxc5 Bb6 41. Qa3 f5 42. gxf5 gxf5 43.
exf5 Rxd5 44. cxd5 Bxc5+ 45. Qxc5 Qxf5 46. Qc7+ Kg8 47. Qb8+ Kg7 48. Qb7+ Kg6
49. Qb6+ Kg7 50. Qe3 Rd8 (50... Rb8 $142 $1 51. Qa7+ Kg6 52. Qxb8 Qxf3+ 53. Ke1
Qxg3+ 54. Rf2 Qe3+ $11) 51. Bb3 a4 52. Bc4 Rf8 53. Be2 Rd8 54. Rh4 e4 55. Qd4+
Kh7 56. Qb6 Qf8 57. Qc7+ Kg8 58. f4 Rb8 59. Qc6 Nf7 60. Rg4+ Kh8 61. Qf6+ Kh7
62. Qf5+ Kh8 63. Qxe4 Qc5+ 64. Kg2 Rd8 65. Bf3 Rb8 66. Kh3 Rg8 67. Rxg8+ Kxg8
68. Bh5 1-0

[Event "Sydney International Open"]
[Site "Parramatta, NSW"]
[Date "2010.04.09"]
[Round "5.12"]
[White "Zulfic, Fedja"]
[Black "Solomon, Stephen"]
[Result "1/2-1/2"]
[WhiteElo "2008"]
[BlackElo "2426"]
[PlyCount "66"]
[EventDate "2010.04.07"]
[EventType "swiss"]
[EventRounds "9"]
[EventCountry "AUS"]
[SourceDate "2010.04.07"]

1. d4 d5 2. c4 e6 3. Nf3 c6 4. e3 Nf6 5. Bd3 Nbd7 6. Nbd2 Bd6 7. O-O O-O 8. e4
dxe4 9. Nxe4 Nxe4 10. Bxe4 Nf6 11. Bc2 c5 12. Qd3 Re8 13. Re1 b6 14. Bg5 h6 15.
Bh4 Bb7 16. d5 e5 17. Nd2 g5 18. Bg3 Bc8 19. h4 Kg7 20. Re3 Bg4 21. Rae1 Qc7
22. hxg5 hxg5 23. Qc3 Nd7 24. f4 gxf4 25. Bxf4 f5 26. Rg3 Kf7 27. Rxg4 fxg4 28.
Qd3 e4 29. Nxe4 Bxf4 30. Ng5+ Bxg5 31. Qh7+ Kf8 32. Qh8+ Kf7 33. Qh7+ Kf8
1/2-1/2

[Event "Sydney International Open"]
[Site "Parramatta, NSW"]
[Date "2010.04.09"]
[Round "5.13"]
[White "Johansen, Darryl"]
[Black "Ly, Moulthun"]
[Result "1-0"]
[WhiteElo "2457"]
[BlackElo "2315"]
[PlyCount "75"]
[EventDate "2010.04.07"]
[EventType "swiss"]
[EventRounds "9"]
[EventCountry "AUS"]
[SourceDate "2010.04.07"]

1. d4 Nf6 2. Nf3 e6 3. c4 b6 4. Nc3 Bb4 5. Qc2 Bb7 6. a3 Bxc3+ 7. Qxc3 d6 8. e3
Nbd7 9. Be2 O-O 10. O-O Qe7 11. b4 c5 12. Bb2 Ne4 13. Qc2 f5 14. Rad1 Ng5 15.
Nxg5 Qxg5 16. d5 exd5 17. Bf3 cxb4 18. axb4 Ne5 19. Bxd5+ Bxd5 20. Rxd5 f4 21.
exf4 Qxf4 22. Bxe5 dxe5 23. g3 Qf6 24. Re1 Rae8 25. Re4 Rf7 26. c5 bxc5 27.
bxc5 Ref8 28. Rd2 Rc7 29. Rde2 Re7 30. Qc4+ Qf7 31. Qc3 Qf3 32. R4e3 Qf5 33.
Re4 Qf3 34. Qc4+ Qf7 35. Qc2 Qf6 36. f4 exf4 37. Qa2+ Kh8 38. Rxf4 1-0

[Event "Sydney International Open"]
[Site "Parramatta, NSW"]
[Date "2010.04.09"]
[Round "5.14"]
[White "Broekhuyse, Paul"]
[Black "Rej, Tomek"]
[Result "0-1"]
[WhiteElo "2108"]
[BlackElo "2348"]
[PlyCount "64"]
[EventDate "2010.04.07"]
[EventType "swiss"]
[EventRounds "9"]
[EventCountry "AUS"]
[SourceDate "2010.04.07"]

1. c4 Nf6 2. Nc3 e6 3. e4 d5 4. cxd5 exd5 5. e5 Ne4 6. Nxe4 dxe4 7. Qa4+ Nc6 8.
Qxe4 Qd4 9. Qxd4 Nxd4 10. Bd3 Be6 11. Ne2 O-O-O 12. O-O Bc5 13. Nf4 Rhe8 14. b3
Bf5 15. Bxf5+ Nxf5 16. Bb2 Rxd2 17. Rab1 Bd4 18. Bxd4 Nxd4 19. Rfe1 Rxa2 20. h4
Ra5 21. Nd3 Nf5 22. f4 Nxh4 23. Kf2 Rd8 24. Rbd1 Rad5 25. Rh1 g5 26. fxg5 Ng6
27. Ke3 Nxe5 28. Nxe5 Rxd1 29. Rxh7 Re8 30. Kf4 Rd4+ 31. Kf5 Rd5 32. Rxf7
Rexe5+ 0-1

[Event "Sydney International Open"]
[Site "Parramatta, NSW"]
[Date "2010.04.09"]
[Round "5.15"]
[White "Stead, Kerry"]
[Black "Samar, Raul"]
[Result "0-1"]
[WhiteElo "2087"]
[BlackElo "2235"]
[PlyCount "146"]
[EventDate "2010.04.07"]
[EventType "swiss"]
[EventRounds "9"]
[EventCountry "AUS"]
[SourceDate "2010.04.07"]

1. d4 Nf6 2. f3 e6 3. e4 d5 4. Be3 Be7 5. Nd2 b6 6. e5 Nfd7 7. f4 c5 8. c3 Ba6
9. Ne2 Bd3 10. Nf3 c4 11. Ng3 Bg6 12. Be2 a6 13. O-O h5 14. Qd2 Nc6 15. Bd1 h4
16. Nh1 f5 17. exf6 gxf6 18. Bc2 Bf7 19. Rae1 Qc7 20. Nf2 O-O-O 21. Nh3 Rdg8
22. Kh1 Bd6 23. Qf2 Rg4 24. Bd1 Bxf4 25. Bxf4 Rxf4 26. Nxf4 Qxf4 27. Nd2 Qd6
28. Bg4 Kc7 29. Nf3 f5 30. Bh3 Qf4 31. Qe3 Qxe3 32. Rxe3 Kd6 33. Ng5 Bg8 34.
Rfe1 Rh6 35. Kg1 Nd8 36. Rf1 Rh5 37. Nf3 Nc6 38. Nd2 Ne7 39. g3 Nf6 40. gxh4
Rxh4 41. Bg2 Bf7 42. h3 b5 43. Rfe1 Ne4 44. Nf3 Rh7 45. Ne5 Ng6 46. Bxe4 dxe4
47. Nxg6 Bxg6 48. Rg3 Rh6 49. Kh2 e5 50. dxe5+ Kxe5 51. Reg1 Bh5 52. b3 Kf4 53.
Rg7 Ke3 54. bxc4 bxc4 55. Rd7 Be2 56. Rg3+ Bf3 57. Rd4 Rb6 58. Rg1 Rb2+ 59. Kg3
f4+ 60. Kh4 Be2 61. Rg6 f3 62. Re6 Bd3 63. Rxa6 f2 64. Rf6 f1=Q 65. Rxf1 Bxf1
66. Kg5 Bxh3 67. Rxc4 Rxa2 68. Rc7 Ra5+ 69. Kh4 Bf5 70. Kg3 Ra8 71. Rg7 Be6 72.
Re7 Rg8+ 73. Kh2 Bc4 0-1

[Event "Sydney International Open"]
[Site "Parramatta, NSW"]
[Date "2010.04.09"]
[Round "5.16"]
[White "Ayvazyan, Armen"]
[Black "Stojic, Svetozar"]
[Result "1-0"]
[WhiteElo "2222"]
[BlackElo "2013"]
[PlyCount "91"]
[EventDate "2010.04.07"]
[EventType "swiss"]
[EventRounds "9"]
[EventCountry "AUS"]
[SourceDate "2010.04.07"]

1. Nf3 Nf6 2. c4 c5 3. Nc3 Nc6 4. d4 g6 5. d5 Na5 6. e4 d6 7. h3 Bg7 8. Bd3 O-O
9. O-O a6 10. Re1 e6 11. a4 exd5 12. cxd5 c4 13. Bf1 Nd7 14. Be3 Nc5 15. Nd2 b5
16. axb5 axb5 17. Nxb5 Bxb2 18. Ra2 c3 19. Bxc5 dxc5 20. Nc4 Nxc4 21. Rxa8 Nd2
22. Na7 Qa5 23. Rxc8 Qxa7 24. Rxf8+ Kxf8 25. e5 c4 26. Qc2 Qd4 27. e6 fxe6 28.
dxe6 Ba3 29. Re3 Ke7 30. Qxc3 Qxc3 31. Rxc3 Bc5 32. Bxc4 Bxf2+ 33. Kh2 Nxc4 34.
Rxc4 Kxe6 35. g4 h5 36. Re4+ Kd5 37. Re2 Bh4 38. Kg2 hxg4 39. hxg4 Bf6 40. Re8
g5 41. Kf3 Be5 42. Rd8+ Ke6 43. Ke4 Bf4 44. Ra8 Bd6 45. Ra6 Kd7 46. Rxd6+ 1-0

[Event "Sydney International Open"]
[Site "Parramatta, NSW"]
[Date "2010.04.09"]
[Round "5.17"]
[White "Stojic, Dusan"]
[Black "Cheung, Benjamin"]
[Result "1-0"]
[WhiteElo "2192"]
[BlackElo "1946"]
[PlyCount "101"]
[EventDate "2010.04.07"]
[EventType "swiss"]
[EventRounds "9"]
[EventCountry "AUS"]
[SourceDate "2010.04.07"]

1. e4 c5 2. Nf3 e6 3. d4 cxd4 4. Nxd4 Nf6 5. Nc3 Nc6 6. Ndb5 Bb4 7. a3 Bxc3+ 8.
Nxc3 d5 9. exd5 exd5 10. Bd3 O-O 11. O-O d4 12. Ne2 Bg4 13. f3 Bh5 14. Nf4 Bg6
15. Nxg6 hxg6 16. f4 Ne7 17. f5 Nxf5 18. Bxf5 gxf5 19. Rxf5 Qb6 20. Qd3 Rfe8
21. Bd2 Qxb2 22. Raf1 Re6 23. Rb5 Qa2 24. Rxb7 Rc8 25. Rc1 Rec6 26. Qxd4 Rxc2
27. Rxc2 Qxc2 28. h3 Qe4 29. Qxe4 Nxe4 30. Bf4 a6 31. Rb8 Rxb8 32. Bxb8 f5 33.
Kf1 Kf7 34. Ke2 Ke6 35. Ke3 Kd5 36. Kf4 g6 37. h4 Ke6 38. g4 Nd2 39. gxf5+ gxf5
40. Ba7 Nc4 41. Bc5 Ne5 42. Bd4 Nc4 43. a4 Nd6 44. h5 Nf7 45. Bg7 Nd6 46. h6
Nf7 47. h7 Ke7 48. Kxf5 Nd6+ 49. Kg6 Nf7 50. a5 Ke6 51. Bf6 1-0

[Event "Sydney International Open"]
[Site "Parramatta, NSW"]
[Date "2010.04.09"]
[Round "5.19"]
[White "Holland, Dennis"]
[Black "Yuan, Yi"]
[Result "1/2-1/2"]
[WhiteElo "1944"]
[BlackElo "2151"]
[PlyCount "103"]
[EventDate "2010.04.07"]
[EventType "swiss"]
[EventRounds "9"]
[EventCountry "AUS"]
[SourceDate "2010.04.07"]

1. d4 Nf6 2. Nf3 g6 3. Nbd2 Bg7 4. e4 d6 5. c3 O-O 6. Bd3 Nbd7 7. O-O c5 8. Re1
Rb8 9. a4 b6 10. Qe2 Nh5 11. Nf1 Bb7 12. Bg5 h6 13. Bd2 Qc7 14. Rac1 e6 15. g4
Nhf6 16. g5 hxg5 17. Nxg5 Rfe8 18. Ng3 Rbc8 19. h4 c4 20. Bc2 e5 21. d5 Nc5 22.
h5 Qd7 23. Qf3 Qg4 24. Qxg4 Nxg4 25. hxg6 fxg6 26. f3 Nh6 27. Kg2 Nf7 28. Rh1
Nxg5 29. Bxg5 Kf7 30. Rh7 Rh8 31. Rch1 Rxh7 32. Rxh7 Rh8 33. Rxh8 Bxh8 34. Nf1
Bf6 35. Bh6 Be7 36. Be3 Nd7 37. Nd2 Ba6 38. Bd1 Nc5 39. Bxc5 bxc5 40. Be2 Bg5
41. Nxc4 Ke7 42. Kf2 Bxc4 43. Bxc4 Bc1 44. b3 Kf6 45. b4 cxb4 46. cxb4 Ba3 47.
Ba6 Bxb4 48. Bc8 Kg5 49. Bd7 Kf4 50. Bc8 Bc5+ 51. Ke2 g5 52. Bd7 1/2-1/2

[Event "Sydney International Open"]
[Site "Parramatta, NSW"]
[Date "2010.04.09"]
[Round "5.20"]
[White "Cameron, Alistair"]
[Black "Monir, Arman"]
[Result "0-1"]
[WhiteElo "1862"]
[BlackElo "2139"]
[PlyCount "64"]
[EventDate "2010.04.07"]
[EventType "swiss"]
[EventRounds "9"]
[EventCountry "AUS"]
[SourceDate "2010.04.07"]

1. d4 Nf6 2. c4 g6 3. Nc3 d5 4. Bf4 Bg7 5. e3 O-O 6. Rc1 c6 7. Bd3 Nbd7 8. Nf3
dxc4 9. Bxc4 Nh5 10. Bg5 Nb6 11. Bb3 Bg4 12. h3 Bxf3 13. Qxf3 Qd7 14. Ne4 Nc8
15. g4 Nf6 16. Bxf6 exf6 17. Nxf6+ Bxf6 18. Qxf6 Nd6 19. f3 Rae8 20. Kf2 Re7
21. h4 Ne8 22. Qg5 Kg7 23. h5 h6 24. Qc5 g5 25. Qxa7 f5 26. gxf5 Qxf5 27. Bd1
Nf6 28. Rc3 Ne4+ 29. Kg2 Nxc3 30. bxc3 Rff7 31. e4 Rxe4 32. d5 Rf4 0-1

[Event "Sydney International Open"]
[Site "Parramatta, NSW"]
[Date "2010.04.09"]
[Round "5.22"]
[White "Nakauchi, Gene"]
[Black "Smirnov, Anton"]
[Result "0-1"]
[WhiteElo "2119"]
[BlackElo "1868"]
[PlyCount "118"]
[EventDate "2010.04.07"]
[EventType "swiss"]
[EventRounds "9"]
[EventCountry "AUS"]
[SourceDate "2010.04.07"]

1. d4 d5 2. c4 c6 3. cxd5 cxd5 4. Nc3 Nf6 5. Bf4 Qb6 6. Qc2 Nc6 7. e3 Bf5 8.
Qb3 Qxb3 9. axb3 e6 10. f3 Bc2 11. Nb5 Bb4+ 12. Kf2 Kd7 13. Nh3 a6 14. Nc3 Bxb3
15. Na4 Bxa4 16. Rxa4 b5 17. Ra1 Rhc8 18. Bd3 h6 19. g4 Ne8 20. Ng1 Bd6 21. Ne2
Nb4 22. Bb1 Bxf4 23. Nxf4 Nd6 24. Nd3 Nxd3+ 25. Bxd3 Nc4 26. Ra2 Kc7 27. e4 Kb7
28. exd5 exd5 29. Re1 Re8 30. b3 Nd6 31. Rae2 Rxe2+ 32. Rxe2 Re8 33. Rc2 Rc8
34. Rc5 Rxc5 35. dxc5 Ne8 36. Ke3 Kc6 37. Kd4 a5 38. b4 axb4 39. Bc2 Nc7 40.
Bb3 f6 41. f4 Ne6+ 42. Ke3 Kxc5 43. f5 Nd4 44. Ba2 b3 45. Bb1 Kc4 46. Kd2 Nf3+
47. Ke3 Nxh2 48. Kd2 Nxg4 49. Bd3+ Kb4 50. Kc1 Kc3 51. Bxb5 d4 52. Kb1 d3 53.
Ba6 Ne3 54. Bb7 d2 55. Bf3 Nc2 56. Bd1 Na3+ 57. Ka1 b2+ 58. Ka2 b1=Q+ 59. Kxa3
Qa1# 0-1

[Event "Sydney International Open"]
[Site "Parramatta, NSW"]
[Date "2010.04.09"]
[Round "5.23"]
[White "McNamara, Gary"]
[Black "Perera, Pasan"]
[Result "1/2-1/2"]
[WhiteElo "2117"]
[BlackElo "1575"]
[PlyCount "55"]
[EventDate "2010.04.07"]
[EventType "swiss"]
[EventRounds "9"]
[EventCountry "AUS"]
[SourceDate "2010.04.07"]

1. b3 e5 2. Bb2 Nc6 3. c4 Nf6 4. d3 Bb4+ 5. Nd2 a5 6. a3 Bc5 7. e3 O-O 8. Ngf3
Re8 9. Ne4 d6 10. Be2 Bf5 11. Qc2 Qe7 12. O-O h6 13. Nxc5 dxc5 14. e4 Bg4 15.
h3 Bxf3 16. Bxf3 Nd7 17. Bg4 g5 18. g3 Rad8 19. Kh2 Qd6 20. Rg1 Nf6 21. Be2 Ne7
22. f4 Ng6 23. fxg5 hxg5 24. Raf1 Kg7 25. Bc1 Nh7 26. Be3 b6 27. a4 Rh8 28. Qd2
1/2-1/2

[Event "Sydney International Open"]
[Site "Parramatta, NSW"]
[Date "2010.04.09"]
[Round "5.24"]
[White "Ansell, Alan"]
[Black "Shen, Daniel"]
[Result "0-1"]
[WhiteElo "1968"]
[BlackElo "2197"]
[PlyCount "98"]
[EventDate "2010.04.07"]
[EventType "swiss"]
[EventRounds "9"]
[EventCountry "AUS"]
[SourceDate "2010.04.07"]

1. d4 d5 2. c4 c6 3. Nf3 Nf6 4. Qc2 e6 5. Bf4 Nbd7 6. Nbd2 Be7 7. O-O-O Qa5 8.
Kb1 c5 9. e3 O-O 10. Ne5 Nxe5 11. Bxe5 cxd4 12. exd4 Bd7 13. Bd3 Rfc8 14. g4 g6
15. h4 dxc4 16. Nxc4 Rxc4 17. Bxc4 Nxg4 18. Qe2 Nxe5 19. dxe5 Bc6 20. Rh3 Rd8
21. Rdd3 Rxd3 22. Bxd3 Bd5 23. b3 Ba3 24. Bc2 Qb4 25. Qe3 Qg4 26. Rg3 Qxh4 27.
Rg1 b6 28. Rd1 Bc5 29. Qe2 Qxf2 30. Qa6 Bd4 31. Qc8+ Kg7 32. Qc7 Be4 33. Rc1
Bxc2+ 34. Rxc2 Qe1+ 35. Rc1 Qxe5 36. Qxa7 Qe4+ 37. Rc2 h5 38. Qc7 h4 39. a4
Qe1+ 40. Rc1 Qd2 41. Qc2 Qxc2+ 42. Rxc2 g5 43. b4 h3 44. a5 bxa5 45. bxa5 g4
46. Rh2 Kg6 47. Kc2 Kf5 48. Rd2 Bc5 49. a6 g3 0-1

[Event "Sydney International Open"]
[Site "Parramatta, NSW"]
[Date "2010.04.09"]
[Round "5.25"]
[White "Lester, George"]
[Black "Chowdhury, Sohel"]
[Result "0-1"]
[WhiteElo "1887"]
[BlackElo "2190"]
[PlyCount "112"]
[EventDate "2010.04.07"]
[EventType "swiss"]
[EventRounds "9"]
[EventCountry "AUS"]
[SourceDate "2010.04.07"]

1. d4 d5 2. c4 c6 3. Nf3 e6 4. Bg5 Nf6 5. e3 Be7 6. Nbd2 Nbd7 7. Bd3 h6 8. Bh4
O-O 9. O-O Re8 10. Rc1 a6 11. c5 e5 12. dxe5 Ng4 13. Bg3 Bf8 14. e6 fxe6 15.
Bg6 Nxc5 16. Bxe8 Qxe8 17. h3 {White offered a draw.} Nf6 18. Ne5 Nfd7 19. Ndf3
Ne4 20. Nxd7 Bxd7 21. Be5 c5 22. Nd2 Ng5 23. f4 Nf7 24. Nf3 Bc6 25. Qc2 Rc8 26.
Qg6 Nxe5 27. Nxe5 Qxg6 28. Nxg6 Bd6 29. Ne5 Bb5 30. Rf2 Bxe5 31. fxe5 Bd3 32.
g4 b5 33. Rc3 Be4 34. b4 c4 35. a3 Ra8 36. Kh2 a5 37. bxa5 Rxa5 38. Kg3 Ra4 39.
Rb2 Ra5 40. h4 Kf7 41. h5 Ke7 42. Rf2 Ra8 43. Kh4 Rb8 44. g5 hxg5+ 45. Kxg5 Bf5
46. Rb2 Kd7 47. Rg2 Kc6 48. Kf4 Rb7 49. Rc1 Be4 50. Rgg1 Kc5 51. Rgd1 Rf7+ 52.
Kg5 Ra7 53. Rc3 b4 54. axb4+ Kxb4 55. Rdc1 Ra2 56. Kf4 Rf2+ 0-1

[Event "Sydney International Open"]
[Site "Parramatta, NSW"]
[Date "2010.04.09"]
[Round "5.26"]
[White "Jule, Alexandra"]
[Black "Bennett, Hilton"]
[Result "1-0"]
[WhiteElo "1938"]
[BlackElo "2001"]
[PlyCount "67"]
[EventDate "2010.04.07"]
[EventType "swiss"]
[EventRounds "9"]
[EventCountry "AUS"]
[SourceDate "2010.04.07"]

1. d4 Nf6 2. Nf3 g6 3. g3 Bg7 4. Bg2 O-O 5. O-O d6 6. c4 Nbd7 7. Nc3 e5 8. h3
Re8 9. e4 exd4 10. Nxd4 a6 11. Re1 Rb8 12. f4 c5 13. Nf3 b5 14. cxb5 Nb6 15. e5
dxe5 16. Qxd8 Rxd8 17. Nxe5 Re8 18. Be3 Nbd7 19. Nc6 Rb6 20. a4 axb5 21. a5 Ra6
22. Nxb5 Bb7 23. Ne7+ Rxe7 24. Bxb7 Rae6 25. Bf2 Ne4 26. a6 Nxf2 27. Kxf2 Nb6
28. Rxe6 fxe6 29. Rd1 Re8 30. a7 Na8 31. Rd7 c4 32. Bxa8 Rxa8 33. Rb7 Bf8 34.
Rb8 1-0

[Event "Sydney International Open"]
[Site "Parramatta, NSW"]
[Date "2010.04.09"]
[Round "5.27"]
[White "Ruan, Jack"]
[Black "Grigg, Sam"]
[Result "0-1"]
[WhiteElo "1896"]
[BlackElo "1979"]
[PlyCount "142"]
[EventDate "2010.04.07"]
[EventType "swiss"]
[EventRounds "9"]
[EventCountry "AUS"]
[SourceDate "2010.04.07"]

1. d4 e6 2. c4 Nf6 3. Nf3 Bb4+ 4. Bd2 Qe7 5. g3 Bxd2+ 6. Qxd2 Ne4 7. Qc2 f5 8.
Bg2 O-O 9. O-O d6 10. Nfd2 Nf6 11. Nc3 Nc6 12. Nb3 a5 13. Rad1 e5 14. e3 e4 15.
Ne2 Nb4 16. Qb1 Qf7 17. Nd2 d5 18. b3 Be6 19. c5 Nd3 20. Nc1 Nxc1 21. Rxc1 g5
22. f4 gxf4 23. Rxf4 Bd7 24. a4 Ng4 25. Nf1 b6 26. cxb6 cxb6 27. Rc7 Rfc8 28.
Qc1 Qe6 29. Rc2 Rxc2 30. Qxc2 Rc8 31. Qb2 Qc6 32. h3 Nf6 33. Rf2 h5 34. Qa3 Kf7
35. b4 Qxa4 36. Qxa4 Bxa4 37. bxa5 bxa5 38. Ra2 Rc4 39. Nd2 Rb4 40. Bf1 Nd7 41.
Nb1 Rxb1 42. Rxa4 Nb6 43. Rxa5 Nc4 44. Ra7+ Kg6 45. Kf2 Nxe3 46. Ra6+ Kf7 47.
Ra7+ Ke6 48. Ra6+ Ke7 49. Ra7+ Kd6 50. Ra6+ Kc7 51. Kxe3 Rxf1 52. Ke2 Rf3 53.
Rh6 Rxg3 54. Rxh5 Kc6 55. h4 f4 56. Rf5 f3+ 57. Kf2 Rg2+ 58. Kf1 Rh2 59. h5 Kb5
60. Rxd5+ Kc4 61. Rf5 Kxd4 62. Kg1 Rg2+ 63. Kf1 Ke3 64. Ra5 Rb2 65. Ra3+ Kf4
66. Ra4 Rh2 67. h6 Rxh6 68. Kf2 Rh2+ 69. Ke1 Kg3 70. Rxe4 Rh1+ 71. Kd2 f2 0-1

[Event "Sydney International Open"]
[Site "Parramatta, NSW"]
[Date "2010.04.09"]
[Round "5.28"]
[White "Guo, Emma"]
[Black "Christensen, Joshua"]
[Result "1-0"]
[WhiteElo "1941"]
[BlackElo "1838"]
[PlyCount "61"]
[EventDate "2010.04.07"]
[EventType "swiss"]
[EventRounds "9"]
[EventCountry "AUS"]
[SourceDate "2010.04.07"]

1. e4 c6 2. d4 d5 3. exd5 cxd5 4. Bd3 Nf6 5. c3 Nc6 6. Bf4 e6 7. Nf3 Bd6 8.
Bxd6 Qxd6 9. O-O O-O 10. Re1 Bd7 11. Ne5 a6 12. Nd2 b5 13. Qf3 Ne7 14. Qg3 Qb6
15. Ndf3 h6 16. Qh4 Nc6 17. g4 Nxe5 18. Nxe5 Be8 19. Re3 Nh7 20. f4 f6 21. Nf3
Qd6 22. g5 fxg5 23. fxg5 Qf4 24. Qxf4 Rxf4 25. gxh6 gxh6 26. Ne5 Ng5 27. Rf1
Rxf1+ 28. Kxf1 Bh5 29. h4 Rf8+ 30. Kg2 Nf7 31. Nd7 1-0

[Event "Sydney International Open"]
[Site "Parramatta, NSW"]
[Date "2010.04.09"]
[Round "5.29"]
[White "Kumar, Manoj"]
[Black "Yu, Sally"]
[Result "0-1"]
[WhiteElo "2040"]
[BlackElo "1933"]
[PlyCount "92"]
[EventDate "2010.04.07"]
[EventType "swiss"]
[EventRounds "9"]
[EventCountry "AUS"]
[SourceDate "2010.04.07"]

1. d4 d5 2. Nf3 Nf6 3. Bf4 c5 4. e3 Nc6 5. c3 Qb6 6. Qb3 c4 7. Qxb6 axb6 8.
Nbd2 b5 9. Ne5 e6 10. Be2 b4 11. O-O bxc3 12. bxc3 Nxe5 13. Bxe5 Be7 14. a4 Bd7
15. Rfb1 Bc6 16. Bd1 O-O 17. Bc2 Ra6 18. h3 Rfa8 19. Bc7 Bd8 20. Bxd8 Rxd8 21.
Nf3 Nd7 22. Rb4 Rda8 23. Rab1 f6 24. Kh2 b6 25. Ra1 b5 26. axb5 Rxa1 27. bxc6
Nf8 28. e4 R1a6 29. exd5 exd5 30. c7 Rc8 31. Rb5 Rd6 32. Rc5 Nd7 33. Bf5 g6 34.
Bxd7 Rxd7 35. g4 Rcxc7 36. Ra5 Ra7 37. Rb5 Ra3 38. g5 Rxc3 39. Rb8+ Kg7 40.
gxf6+ Kxf6 41. Ne5 Rc7 42. Ng4+ Kg7 43. Kg2 Rb3 44. Ra8 c3 45. Ra1 c2 46. Rc1
Rb1 0-1

[Event "Sydney International Open"]
[Site "Parramatta, NSW"]
[Date "2010.04.09"]
[Round "5.31"]
[White "Ilic, Ilija"]
[Black "Encel, Benjamin"]
[Result "1-0"]
[WhiteElo "2009"]
[BlackElo "1884"]
[PlyCount "41"]
[EventDate "2010.04.07"]
[EventType "swiss"]
[EventRounds "9"]
[EventCountry "AUS"]
[SourceDate "2010.04.07"]

1. d4 Nf6 2. Nc3 d5 3. Bf4 Nh5 4. Be3 Bf5 5. f3 Nf6 6. g4 Bg6 7. h4 h6 8. Nh3
e6 9. Nf4 Bh7 10. g5 Nfd7 11. Qd2 c5 12. Rg1 Bf5 13. Bh3 hxg5 14. hxg5 Bxh3 15.
Rh1 Qxg5 16. O-O-O cxd4 17. Qxd4 Bc5 18. Qd2 Bxe3 19. Qxe3 Rh4 20. Ncxd5 Kd8
21. Nxe6+ 1-0

[Event "Sydney International Open"]
[Site "Parramatta, NSW"]
[Date "2010.04.09"]
[Round "5.32"]
[White "Descallar, Levi"]
[Black "Tan, Kevin"]
[Result "1/2-1/2"]
[WhiteElo "1979"]
[BlackElo "1882"]
[PlyCount "48"]
[EventDate "2010.04.07"]
[EventType "swiss"]
[EventRounds "9"]
[EventCountry "AUS"]
[SourceDate "2010.04.07"]

1. d4 Nf6 2. Nf3 g6 3. Bf4 Bg7 4. Nc3 O-O 5. e4 d6 6. Be2 Nbd7 7. O-O c5 8. Bg5
cxd4 9. Nxd4 Nc5 10. Bf3 Qb6 11. Nb3 Nxb3 12. axb3 a6 13. Bxf6 exf6 14. Nd5 Qd8
15. Qd2 Be6 16. Rfd1 Bxd5 17. Qxd5 Qc7 18. c3 Rad8 19. Qa5 Qe7 20. Rd5 Rfe8 21.
h3 Qd7 22. Rad1 Bf8 23. c4 Re5 24. Qc3 Qc7 1/2-1/2

[Event "Sydney International Open"]
[Site "Parramatta, NSW"]
[Date "2010.04.09"]
[Round "5.33"]
[White "Maroroa, Sue"]
[Black "Ruan, Harry"]
[Result "1-0"]
[WhiteElo "1945"]
[BlackElo "1801"]
[PlyCount "55"]
[EventDate "2010.04.07"]
[EventType "swiss"]
[EventRounds "9"]
[EventCountry "AUS"]
[SourceDate "2010.04.07"]

1. e4 c5 2. Nc3 Nc6 3. f4 d6 4. Bb5 Bd7 5. Nf3 a6 6. Be2 Nf6 7. d3 g6 8. O-O
Bg7 9. Qe1 b5 10. Kh1 O-O 11. Qh4 e6 12. f5 exf5 13. Bg5 h6 14. Bxh6 Bxh6 15.
Qxh6 Ng4 16. Qf4 Nce5 17. h3 Nxf3 18. Bxf3 Ne5 19. exf5 Nxf3 20. Rxf3 Bxf5 21.
Qh6 f6 22. g4 Be6 23. Qxg6+ Kh8 24. Ne4 Bg8 25. Nxf6 Ra7 26. Qh6+ Bh7 27. Nxh7
Rxf3 28. Nf6+ 1-0

[Event "Sydney International Open"]
[Site "Parramatta, NSW"]
[Date "2010.04.09"]
[Round "5.34"]
[White "Wang, Oscar"]
[Black "Gu, Sean"]
[Result "0-1"]
[WhiteElo "1943"]
[BlackElo "1819"]
[PlyCount "66"]
[EventDate "2010.04.07"]
[EventType "swiss"]
[EventRounds "9"]
[EventCountry "AUS"]
[SourceDate "2010.04.07"]

1. e4 c5 2. Nf3 e6 3. d4 cxd4 4. Nxd4 Nf6 5. Nc3 Nc6 6. Ndb5 Bb4 7. a3 Bxc3+ 8.
Nxc3 d5 9. exd5 exd5 10. Bd3 O-O 11. O-O d4 12. Ne4 Nxe4 13. Bxe4 Re8 14. Re1
Bd7 15. Bf4 Qf6 16. Qd2 h6 17. Bg3 Rad8 18. Rad1 Bf5 19. Bxf5 Qxf5 20. Re2 Qb5
21. Rxe8+ Rxe8 22. b3 Re2 23. Qc1 Qc5 24. c4 dxc3 25. Rd3 c2 26. Kf1 Re4 27. a4
Nb4 28. Rd2 Qc3 29. f3 Re3 30. Bf2 Rd3 31. Be1 Qxb3 32. Ke2 Re3+ 33. Kf1 Nd3
0-1

[Event "Sydney International Open"]
[Site "Parramatta, NSW"]
[Date "2010.04.09"]
[Round "5.35"]
[White "Buciu, Aurel John"]
[Black "Chen, Peng Yu"]
[Result "0-1"]
[WhiteElo "1701"]
[BlackElo "1934"]
[PlyCount "64"]
[EventDate "2010.04.07"]
[EventType "swiss"]
[EventRounds "9"]
[EventCountry "AUS"]
[SourceDate "2010.04.07"]

1. d4 f5 2. Bf4 Nf6 3. e3 d6 4. Nd2 g6 5. Be2 Nc6 6. c3 Bg7 7. h3 e5 8. dxe5
dxe5 9. Bg5 O-O 10. h4 h6 11. Qb3+ Kh8 12. O-O-O Qe8 13. Bxf6 Bxf6 14. f3 a5
15. Bb5 Be6 16. Bc4 Bxc4 17. Qxc4 Rb8 18. g4 b5 19. Qe2 b4 20. c4 Bg7 21. gxf5
gxf5 22. Qf2 e4 23. fxe4 fxe4 24. Qg2 Qe5 25. Nb3 a4 26. Nd4 Nxd4 27. exd4 Qf4+
28. Kb1 e3 29. Ne2 Qf5+ 30. Ka1 a3 31. b3 Qc2 32. Nf4 Qb2+ 0-1

[Event "Sydney International Open"]
[Site "Parramatta, NSW"]
[Date "2010.04.09"]
[Round "5.36"]
[White "Voon, Richard"]
[Black "Lee, Bryan"]
[Result "0-1"]
[WhiteElo "1915"]
[BlackElo "1930"]
[PlyCount "78"]
[EventDate "2010.04.07"]
[EventType "swiss"]
[EventRounds "9"]
[EventCountry "AUS"]
[SourceDate "2010.04.07"]

1. Nf3 Nf6 2. c4 g6 3. Nc3 Bg7 4. e4 d6 5. d4 O-O 6. Be2 e5 7. O-O Nc6 8. d5
Ne7 9. Ne1 Nd7 10. b4 f5 11. f3 a5 12. Ba3 f4 13. bxa5 Rxa5 14. Bb4 Ra8 15. a4
g5 16. Nd3 Ng6 17. a5 Rf7 18. Qb3 Bf8 19. Na4 Nf6 20. c5 g4 21. Rfc1 Nh4 22.
Be1 Nxe4 23. fxe4 Nxg2 24. Bf2 Nh4 25. Nab2 Rg7 26. Ne1 g3 27. hxg3 fxg3 28.
Bxg3 Qg5 29. Rc3 Qd2 30. Qc2 Qd4+ 31. Kh2 Be7 32. cxd6 Bxd6 33. Nf3 Nxf3+ 34.
Bxf3 Kh8 35. Bf2 Qb4 36. Nc4 Qb5 37. Nxd6 Qa6 38. Ne8 Qh6+ 39. Bh5 Qxh5+ 0-1